000 00392nam a2200169Ia 4500
100 _aGanong/William F
650 _aBiomedical instrumentation
250 _a21
942 _cBK
654 _amedical physiology
245 _aReview of medical physiology:lange medical book
260 _bMcGraw - Hill
_c2003
082 _a612
_bGAN
300 _a912
546 _aENGLISH
999 _c34285
_d34285